00610nam a2200181Ia 4500952013300000999001700133003000400150005001700154008004100171040000900212082001800221100002400239245007000263260002600333300000900359650001800368942004200386 00102ddc40708HISTORYaMESbMEScHISd2019-02-20g597.50l0o903.21 PAL/Pp14806r2019-02-20 00:00:00w2019-02-20yBKzGL42R3 c19655d19655OSt20200701120546.0190216s9999||||xx |||||||||||||| ||und|| coclc a903.21bPAL/P aPalmer, Alan 93362 4aThe Penguin Dictionary Of Modern History 1789-1945 /cAlan Palmer bPenguin Books,c1985. a318p aWorld History cBK2ddch903.21iPAL/Pk903.21mPAL/P